| 000 | 00000nam##2200000za#4500 |
| 001 | 9.696055 |
| 003 | CaOODSP |
| 005 | 20210624234847 |
| 007 | cr ||||||||||| |
| 008 | 150407|2010||||xxc|||||o f|0| 0 eng|d |
| 040 | |aCaOODSP|beng |
| 043 | |an-cn--- |
| 086 | 1 |aET3-6/2010E-PDF |
| 110 | 1 |aCanada. |bOffice of the Conflict of Interest and Ethics Commissioner. |
| 245 | 14|aThe Dykstra report made under the Conflict of Interest Act and the Conflict of Interest Code for Members of the House of Commons / |h[electronic resource]|cMary Dawson, Conflict of Interest and Ethics Commissioner. |
| 260 | |aOttawa - Ontario : |bOffice of the Conflict of Interest and Ethics Commissioner |cSeptember 2010. |
| 300 | |a46p. |
| 590 | |a12-13-Supp|b2012-04-03 |
| 775 | 08|tLe rapport Dykstra en vertu de la Loi sur les conflits d'intérêts et conformément au Code régissant les conflits d'intérêts des députés / |w(CaOODSP)9.640172 |
| 856 | 40|ahttp://publications.gc.ca|qPDF|s571 KB|uhttps://publications.gc.ca/collections/collection_2012/ccie-ciec/ET3-6-2010-eng.pdf |
| 986 | |a092010-22E |